| 000 | 00423nam a2200169Ia 4500 | ||
|---|---|---|---|
| 008 | 230711s9999||||xx |||||||||||||| ||und|| | ||
| 020 | _a0-19-565472-2 | ||
| 041 | _aENG | ||
| 082 |
_a415 _bEA-O |
||
| 100 | _aEastwood,John | ||
| 245 | 0 | _aOxford practice grammar with answers | |
| 250 | _a1st Ed. | ||
| 260 |
_c2000 _aNew Delhi _bOxford University Press |
||
| 300 | _a432p. | ||
| 650 | _aCOMMUNICATION SKILL | ||
| 942 | _cBK | ||
| 999 |
_c6428 _d6428 |
||